| 000 | 01525nam0a22003251 4500 | ||
|---|---|---|---|
| 001 | RU\NLR\A1SV\102874 | ||
| 005 | 20260406153302.0 | ||
| 035 | _a(NLR Aleph) 009784227 | ||
| 090 |
_a10108309 _c10108309 |
||
| 100 | _a20100420d1921 u y0rusy50 ca | ||
| 101 | 0 | _arus | |
| 102 | _aRU | ||
| 200 | 1 | _aРассказы, басни, стихотворения | |
| 210 |
_aМ. _cГос. изд. _d1921 |
||
| 215 |
_a32 с. _cил. _d18 см |
||
| 225 | _aБ-ка детск. чтения | ||
| 300 | _aБез тит. л. | ||
| 327 | 0 |
_aЛев и собачка _aЛев и лисица (Басня) _aЛев, волк и лисица (Басня) / [Соч.] Л.Толстого _aКак волки учат своих детей (Рассказ) / [Соч.] Л.Толстого _aТри рассказа про ежа / [Соч.] В.Н.Львова _aСмерть дерева / [Соч.] Л.Толстого _aН.А.Некрасов |
|
| 620 | _dМосква | ||
| 702 | 1 |
_7ca _8rus _aТолстой _bЛ. Н. _f1828-1910 _gЛев Николаевич _9111537 _3RU\NLR\AUTH\771515 |
|
| 702 | 1 |
_7ca _8rus _aЛьвов _bВ. Н. _cзоолог _f1859-1907 _gВасилий Николаевич _982159 _3RU\NLR\AUTH\7799233 |
|
| 702 | 1 |
_7ca _8rus _aНекрасов _bН. А. _cпоэт _f1821-1877 _gНиколай Алексеевич _9116209 _3RU\NLR\AUTH\776255 |
|
| 801 | 0 |
_aRU _bNLR _c20100420 |
|
| 852 |
_aNLR _j40.24.7.235 |
||
| 852 |
_aNLR _j37.61.8.298 |
||
| 899 | _aРГБ | ||
| 942 | _cBOOK | ||
| 980 | _aNB | ||
| 980 | _aA1SV | ||